Псков. Страницы истории (Запись № 1414289)

Подробности
000 -МАРКЕР
контрольное поле 01824nam0a2200385 4500
001 - ИДЕНТИФИКАТОР ЗАПИСИ
контрольное поле RU\NLR\bibl\1441093
005 - ИДЕНТИФИКАТОР ВЕРСИИ
контрольное поле 20260405212046.0
010 ## - МЕЖДУНАРОДНЫЙ СТАНДАРТНЫЙ НОМЕР КНИГИ (ISBN)
Номер (ISBN) 978-5-94542-245-2
Тираж 500
021 ## - НОМЕР ГОСУДАРСТВЕННОЙ РЕГИСТРАЦИИ
Код страны российская федерация
Номер 2009-77507
Номер Листа государственной регистраци 4852
035 ## - ДРУГИЕ СИСТЕМНЫЕ НОМЕРА
Идентификатор записи (NLR Aleph) 001432951
100 ## - ДАННЫЕ ОБЩЕЙ ОБРАБОТКИ
Данные общей обработки 20091119d2009 |||y0rusy50 ca
101 0# - ЯЗЫК РЕСУРСА
Язык текста, звукозаписи и т.д. русский
102 ## - СТРАНА ПУБЛИКАЦИИ ИЛИ ПРОИЗВОДСТВА
Страна публикации российская федерация
105 ## - ПОЛЕ КОДИРОВАННЫХ ДАННЫХ: ТЕКСТОВЫЕ МАТЕРИАЛЫ, МОНОГРАФИЧЕСКИЕ
Кодированные данные о монографическом текстовом документе a |||||||||
200 1# - ЗАГЛАВИЕ И СВЕДЕНИЯ ОБ ОТВЕТСТВЕННОСТИ
Основное заглавие Псков. Страницы истории
Параллельное заглавие Еinige Seiten aus der Geschichte der Stadt Pskow
Сведения, относящиеся к заглавию [учебно-методическое пособие для изучающих немецкий язык (младший и средний возраст)]
Первые сведения об ответственности Г.П. Кузина, Е.С. Кулакова
Язык параллельного заглавия немецкий
210 ## - ПУБЛИКАЦИЯ, РАСПРОСТРАНЕНИЕ И ДР.
Место издания, распространения и т.д. Псков
Имя издателя, распространителя и т. д. Русско-Немецкий Центр встреч Псков
Дата издания, распространения и т.д. 2009
215 ## - ФИЗИЧЕСКАЯ ХАРАКТЕРИСТИКА
Специфическое обозначение материала и объем 39, [1] с.
Другие сведения о физической характеристике ил., портр.
Размеры 29
300 ## - ОБЩИЕ ПРИМЕЧАНИЯ
Текст примечания На обл. авт. не указан
510 1# - ПАРАЛЛЕЛЬНОЕ ЗАГЛАВИЕ
Связь между полями z24790
Параллельное заглавие Еinige Seiten aus der Geschichte der Stadt Pskow
Язык заглавия немецкий
517 0# - ДРУГИЕ ВАРИАНТЫ ЗАГЛАВИЯ
Вариант заглавия Страницы истории
606 1# - НАИМЕНОВАНИЕ ТЕМЫ КАК ПРЕДМЕТ
Наименование темы Немецкий язык
Формальный подзаголовок Учебные издания для средней школы
Системный номер авторитетной/нормативной записи 1063964
Идентификатор авторитетной/нормативной записи RU\NLR\auth\66413315
686 ## - ИНДЕКСЫ ДРУГИХ КЛАССИФИКАЦИЙ
Индекс Ш143.24-93рус2
Книжный номер Д890(2)
700 #1 - ИМЯ ЛИЦА - ПЕРВИЧНАЯ ОТВЕТСТВЕННОСТЬ
Код отношения Автор
Материалы, к которым относится поле rus
Графика поля Кириллица
Начальный элемент ввода Кузина
Часть имени, кроме начального элемента ввода Г. П.
Расширение инициалов личного имени Галина Павловна
Идентификатор авторитетной/нормативной записи RU\NLR\AUTH\7795150
Системный номер авторитетной/нормативной записи 78076
701 #1 - ИМЯ ЛИЦА - АЛЬТЕРНАТИВНАЯ ОТВЕТСТВЕННОСТЬ
Код отношения Автор
Материалы, к которым относится поле rus
Графика поля Кириллица
Начальный элемент ввода Кулакова
Часть имени, кроме начального элемента ввода Е. С.
Расширение инициалов личного имени Евгения Сергеевна
Идентификатор авторитетной/нормативной записи RU\NLR\AUTH\7795152
Системный номер авторитетной/нормативной записи 78078
790 #1 - ИМЯ ЛИЦА - АЛЬТЕРНАТИВНАЯ ФОРМА
Код отношения Автор
Материалы, к которым относится поле rus
Графика поля Латинская
Начальный элемент ввода Kuzina
Часть имени, кроме начального элемента ввода G. P.
Расширение инициалов личного имени Galina Pavlovna
Идентификатор авторитетной/нормативной записи RU\NLR\AUTH\7795151
Системный номер авторитетной/нормативной записи 78077
790 #1 - ИМЯ ЛИЦА - АЛЬТЕРНАТИВНАЯ ФОРМА
Код отношения Автор
Материалы, к которым относится поле rus
Графика поля Латинская
Начальный элемент ввода Kulakova
Часть имени, кроме начального элемента ввода E. S.
Расширение инициалов личного имени Evgenija Sergeevna
Идентификатор авторитетной/нормативной записи RU\NLR\AUTH\7795154
Системный номер авторитетной/нормативной записи 78080
801 #0 - ИСТОЧНИК ЗАПИСИ
Страна российская федерация
Организация NLR
Дата составления 20091119
Правила каталогизации RCR
801 #1 - ИСТОЧНИК ЗАПИСИ
Страна российская федерация
Организация NLR
Дата составления 20091119
830 ## - ОБЩЕЕ ПРИМЕЧАНИЕ, СОСТАВЛЕННОЕ КАТАЛОГИЗАТОРОМ
Текст примечания авт. по эк.
942 ## - ДОПОЛНИТЕЛЬНЫЕ ЭЛЕМЕНТЫ ЗАПИСИ (АБИС)
Тип экземпляра АБИС Книга
980 ## - КОЛЛЕКЦИЯ
Название коллекции Национальная библиография
980 ## - КОЛЛЕКЦИЯ
Название коллекции НБР
Экземпляры
Тип экземпляра Дата поступления Источник поступления Библиотека постоянного хранения Библиотека текущего хранения Место хранения Шифр хранения Штрих-код Статус не для выдачи
Книга 19.11.2009 Обязательный экземпляр РНБ (Московский) РНБ (Московский) Русский книжный фонд: издания с 1957 года, 9этаж 2009-8/3239 3043847  
Книга 19.11.2009 Обязательный экземпляр РНБ (Московский) РНБ (Московский) Обменный фонд   3043848